[Event "Liga Madrileña - DH 2012-2013"]
[Site "Madrid ESP"]
[Date "2013.03.17"]
[Round "14.11"]
[White "Adan Bermudez, Sergio"]
[Black "Ortega Ruiz, Jose Miguel"]
[Result "0-1"]
[WhiteElo "2285"]
[BlackElo "2323"]
[PlyCount "104"]
[EventDate "2012.11.18"]
[EventRounds "14"]
[EventCountry "ESP"]
[Source "lmi"]
[SourceDate "2012.11.18"]
[WhiteTeam "Pueblo Nuevo"]
[BlackTeam "Cafe Comercial"]
[WhiteTeamCountry "ESP"]
[BlackTeamCountry "ESP"]

1. c4 Nf6 2. Nc3 g6 3. e4 d6 4. g3 Bg7 5. Bg2 O-O 6. Nge2 Nc6 7. O-O a6 8. Rb1
Rb8 9. d4 e5 10. d5 Na5 11. Qd3 c5 12. dxc6 bxc6 13. b4 Nb7 14. Rd1 Be6 15. a4
Nd7 16. Ba3 Nb6 17. b5 Bxc4 18. Qc2 axb5 19. axb5 c5 20. Bf1 Ra8 21. Bb2 Na5
22. Nc1 Be6 23. Ra1 Qc7 24. Nd5 Nxd5 25. exd5 Bf5 26. Qd2 Ra7 27. Bc3 Rfa8 28.
Qb2 Qb6 29. Nb3 Nxb3 30. Qxb3 Bf6 31. Rxa7 Rxa7 32. Qb2 Bd8 33. Ra1 Bc8 34. Bc4
f6 35. f4 Rxa1+ 36. Qxa1 Kf7 37. fxe5 fxe5 38. h4 Ke8 39. h5 gxh5 40. Qb1 Qb7
41. b6 Bxb6 42. Bb5+ Kd8 43. Bc6 Qa6 44. Bd2 Kc7 45. Qxh7+ Kb8 46. Qg6 Qe2 47.
Qb1 Ka7 48. Qe1 c4+ 49. Kh1 Qf3+ 50. Kh2 Bf2 51. Be3+ Bxe3 52. Qa5+ Kb8 0-1

[Event "Liga Madrileña - DH 2012-2013"]
[Site "Madrid ESP"]
[Date "2013.03.17"]
[Round "14.12"]
[White "Arruebarrena, Rafael"]
[Black "Fernandez Lledo, Javier"]
[Result "1/2-1/2"]
[WhiteElo "2245"]
[BlackElo "2238"]
[PlyCount "93"]
[EventDate "2012.11.18"]
[EventRounds "14"]
[EventCountry "ESP"]
[Source "lmi"]
[SourceDate "2012.11.18"]
[WhiteTeam "Cafe Comercial"]
[BlackTeam "Pueblo Nuevo"]
[WhiteTeamCountry "ESP"]
[BlackTeamCountry "ESP"]

1. e4 c5 2. Nf3 Nc6 3. d4 cxd4 4. Nxd4 Nf6 5. Nc3 d6 6. Bg5 e6 7. Qd2 a6 8.
O-O-O Bd7 9. f3 b5 10. Nxc6 Bxc6 11. Ne2 Be7 12. h4 h5 13. Nd4 Bb7 14. Kb1 Qb6
15. Bd3 Rd8 16. Rhe1 b4 17. f4 O-O 18. Nf3 Qc5 19. Qe2 Rfe8 20. Bxf6 Bxf6 21.
e5 dxe5 22. fxe5 Bxf3 23. gxf3 Bxh4 24. Rh1 Bg3 25. f4 h4 26. Qh5 f5 27. Bxa6
Bxf4 28. Rd7 Qf8 29. Rxd8 Rxd8 30. Bc4 Re8 31. Rxh4 Bxe5 32. Qh7+ Kf7 33. Qxf5+
Bf6 34. Re4 Qd6 35. Qh5+ Kf8 36. Qxe8+ Kxe8 37. Rxe6+ Qxe6 38. Bxe6 Ke7 39. Bh3
Kd6 40. a3 bxa3 41. bxa3 Kc5 42. Bf1 g5 43. Ka2 g4 44. Kb3 g3 45. Bg2 Bd8 46.
Kc3 Bf6+ 47. Kb3 1/2-1/2

[Event "Liga Madrileña - DH 2012-2013"]
[Site "Madrid ESP"]
[Date "2013.03.17"]
[Round "14.13"]
[White "Navarro Nicolas, Victor Manuel"]
[Black "Castellanos Vazquez, Jorge"]
[Result "1/2-1/2"]
[WhiteElo "2211"]
[BlackElo "2191"]
[PlyCount "33"]
[EventDate "2012.11.18"]
[EventRounds "14"]
[EventCountry "ESP"]
[Source "lmi"]
[SourceDate "2012.11.18"]
[WhiteTeam "Pueblo Nuevo"]
[BlackTeam "Cafe Comercial"]
[WhiteTeamCountry "ESP"]
[BlackTeamCountry "ESP"]

1. d4 Nf6 2. c4 e6 3. Nc3 Bb4 4. e3 b6 5. Bd3 Bb7 6. f3 Bxc3+ 7. bxc3 d6 8. Ne2
c5 9. O-O Nc6 10. e4 e5 11. d5 Na5 12. Ng3 Bc8 13. h3 O-O 14. f4 Ne8 15. f5 f6
16. Nh5 Ba6 17. Qe2 1/2-1/2

[Event "Liga Madrileña - DH 2012-2013"]
[Site "Madrid ESP"]
[Date "2013.03.17"]
[Round "14.14"]
[White "Hinojar Diez, David"]
[Black "Barez Menendez, Hector"]
[Result "1/2-1/2"]
[WhiteElo "2172"]
[BlackElo "2163"]
[PlyCount "111"]
[EventDate "2012.11.18"]
[EventRounds "14"]
[EventCountry "ESP"]
[Source "lmi"]
[SourceDate "2012.11.18"]
[WhiteTeam "Cafe Comercial"]
[BlackTeam "Pueblo Nuevo"]
[WhiteTeamCountry "ESP"]
[BlackTeamCountry "ESP"]

1. d4 d5 2. c4 e6 3. Nf3 Nf6 4. Bg5 Be7 5. e3 O-O 6. Nc3 Nbd7 7. Rc1 c6 8. Qc2
Ne4 9. Bxe7 Qxe7 10. Bd3 f5 11. O-O Ndf6 12. Ne5 Bd7 13. f3 Nxc3 14. Qxc3 Be8
15. b4 Nd7 16. Nxd7 Bxd7 17. a4 a6 18. a5 Rae8 19. f4 g5 20. g3 g4 21. Rc2 h5
22. Rb1 Rf7 23. Bf1 Rc8 24. Qd2 Qe8 25. Rcb2 Rc7 26. b5 cxb5 27. cxb5 Bxb5 28.
Bxb5 axb5 29. Rxb5 Kg7 30. Rc5 Rfd7 31. Rbc1 Rxc5 32. dxc5 e5 33. fxe5 Qxe5 34.
Qd4 Qxd4 35. exd4 Kf6 36. Re1 Rd8 37. Kf2 Ra8 38. Ra1 f4 39. gxf4 Kf5 40. Kg3
h4+ 41. Kxh4 Kxf4 42. Rf1+ Ke4 43. Rd1 Rh8+ 44. Kxg4 Rxh2 45. Rb1 Kxd4 46. Rxb7
Kxc5 47. a6 Ra2 48. a7 Kd4 49. Kf3 Kd3 50. Rb3+ Kc4 51. Rb7 d4 52. Ke4 Re2+ 53.
Kf3 Re3+ 54. Kf4 Ra3 55. Ke4 Re3+ 56. Kf4 1/2-1/2

[Event "Liga Madrileña - DH 2012-2013"]
[Site "Madrid ESP"]
[Date "2013.03.17"]
[Round "14.15"]
[White "Nieto de la Cruz, Julio"]
[Black "Beltran Redrado, Jose Antonio"]
[Result "0-1"]
[WhiteElo "2111"]
[BlackElo "2009"]
[PlyCount "106"]
[EventDate "2012.11.18"]
[EventRounds "14"]
[EventCountry "ESP"]
[Source "lmi"]
[SourceDate "2012.11.18"]
[WhiteTeam "Pueblo Nuevo"]
[BlackTeam "Cafe Comercial"]
[WhiteTeamCountry "ESP"]
[BlackTeamCountry "ESP"]

1. d4 Nf6 2. c4 d5 3. cxd5 g6 4. Qa4+ Nbd7 5. Nc3 Bg7 6. e4 O-O 7. Be2 Nb6 8.
Qd1 c6 9. dxc6 bxc6 10. Nf3 Qc7 11. Bg5 Rd8 12. Rc1 Bg4 13. h3 Bxf3 14. Bxf3 h6
15. Bh4 Nh7 16. e5 Nc4 17. Be2 Nxe5 18. Qa4 Rxd4 19. Qa6 Rxh4 20. g3 Rb4 21.
Nd5 Qd6 22. Nxb4 Qxb4+ 23. Kf1 Qe4 24. Rh2 Nf3 25. Bxf3 Qxf3 26. Qxc6 Qxc6 27.
Rxc6 Bxb2 28. f4 Ba3 29. Rhc2 a5 30. Ke2 Nf6 31. Kd3 Kg7 32. Rc8 Rxc8 33. Rxc8
Nh5 34. Kc2 Nxg3 35. Rc3 Bd6 36. Rxg3 Bxf4 37. Ra3 Bc7 38. Kd3 f5 39. Kc4 g5
40. Kd5 g4 41. hxg4 fxg4 42. Kc6 Bd6 43. Rxa5 g3 44. Ra4 h5 45. Ra5 Kf6 46. Ra8
Kg7 47. Ra5 Bf4 48. Ra7 Kf6 49. Ra8 Kf5 50. Rf8+ Kg4 51. Rg8+ Bg5 52. Rb8 g2
53. Rb1 Be3 0-1

[Event "Liga Madrileña - DH 2012-2013"]
[Site "Madrid ESP"]
[Date "2013.03.17"]
[Round "14.16"]
[White "Moreno Torrero, Javier"]
[Black "Alvarez Abejon, Amilcar"]
[Result "1-0"]
[WhiteElo "2026"]
[BlackElo "2095"]
[PlyCount "81"]
[EventDate "2012.11.18"]
[EventRounds "14"]
[EventCountry "ESP"]
[Source "lmi"]
[SourceDate "2012.11.18"]
[WhiteTeam "Cafe Comercial"]
[BlackTeam "Pueblo Nuevo"]
[WhiteTeamCountry "ESP"]
[BlackTeamCountry "ESP"]

1. e4 Nf6 2. e5 Nd5 3. d4 d6 4. c4 Nb6 5. f4 g6 6. Nc3 Bg7 7. Be3 O-O 8. Bd3
Be6 9. b3 c5 10. dxc5 N6d7 11. cxd6 exd6 12. Nf3 dxe5 13. Qd2 exf4 14. Bxf4 Nc5
15. O-O-O Qa5 16. Na4 Nxd3+ 17. Qxd3 b5 18. Bd2 Qa6 19. cxb5 Qc8+ 20. Bc3 Bf5
21. Qc4 Qxc4 22. bxc4 Nd7 23. Bxg7 Kxg7 24. Rd4 Rac8 25. Kb2 Nb6 26. Nxb6 axb6
27. Kb3 Rc5 28. Re1 Be6 29. a4 Rfc8 30. Nd2 Re8 31. Kb4 Rf5 32. Re2 Rc8 33. Rd6
Rf4 34. Rc6 Kf8 35. Rxc8+ Bxc8 36. a5 bxa5+ 37. Kxa5 Bg4 38. Re4 Rxe4 39. Nxe4
f5 40. Nf6 Be2 41. b6 1-0

[Event "Liga Madrileña - DH 2012-2013"]
[Site "Madrid ESP"]
[Date "2013.03.17"]
[Round "14.21"]
[White "Alcazar Jimenez, Victor Manuel"]
[Black "Taboas Rodriguez, Daniel"]
[Result "1/2-1/2"]
[WhiteElo "2373"]
[BlackElo "2404"]
[PlyCount "119"]
[EventDate "2012.11.18"]
[EventRounds "14"]
[EventCountry "ESP"]
[Source "lmi"]
[SourceDate "2012.11.18"]
[WhiteTeam "Blanco y Negro"]
[BlackTeam "64 Villalba"]
[WhiteTeamCountry "ESP"]
[BlackTeamCountry "ESP"]

1. c4 Nf6 2. g3 c6 3. b3 d5 4. Bb2 Bf5 5. Bg2 Nbd7 6. Nf3 e6 7. d3 h6 8. Nbd2
a5 9. O-O a4 10. Re1 Bh7 11. cxd5 cxd5 12. bxa4 Be7 13. Bd4 Qa5 14. Rb1 b6 15.
Rb5 Qxa4 16. Qxa4 Rxa4 17. Bxb6 O-O 18. Bd4 Rxa2 19. Nb3 Rc8 20. Bf1 Bd6 21.
Ra1 Rxa1 22. Bxa1 Kf8 23. Rb7 Rb8 24. Rxb8+ Bxb8 25. Bb2 Bd6 26. Nfd2 g5 27.
Bg2 Ke7 28. Nd4 Ne5 29. N2b3 Nfd7 30. Nb5 Bb4 31. N3d4 g4 32. Nb3 h5 33. Na7
Kd6 34. Nb5+ Kc6 35. N5d4+ Kb6 36. h3 Bd6 37. hxg4 hxg4 38. Nc2 Bg6 39. Ne3 Bh5
40. Kf1 Nc6 41. Nc2 Bg6 42. Ne3 f5 43. Nc2 Bf7 44. Ba3 Bxa3 45. Nxa3 Nc5 46.
Nxc5 Kxc5 47. Nc2 e5 48. Ke1 Na5 49. e3 Nb3 50. Bf1 d4 51. Be2 Bd5 52. Kd1 Bc6
53. Na3 Bb5 54. Nxb5 Kxb5 55. e4 fxe4 56. dxe4+ Kb4 57. Bxg4 Nc5 58. f3 Kc3 59.
Bh5 Kd3 60. f4 1/2-1/2

[Event "Liga Madrileña - DH 2012-2013"]
[Site "Madrid ESP"]
[Date "2013.03.17"]
[Round "14.22"]
[White "Bolado Saez, Sergio"]
[Black "Alarcia Astriz, Carlos"]
[Result "0-1"]
[WhiteElo "2388"]
[BlackElo "2335"]
[PlyCount "94"]
[EventDate "2012.11.18"]
[EventRounds "14"]
[EventCountry "ESP"]
[Source "lmi"]
[SourceDate "2012.11.18"]
[WhiteTeam "64 Villalba"]
[BlackTeam "Blanco y Negro"]
[WhiteTeamCountry "ESP"]
[BlackTeamCountry "ESP"]

1. d4 Nf6 2. Nf3 e6 3. c4 b6 4. g3 Bb7 5. Bg2 Be7 6. Qc2 Be4 7. Qb3 Nc6 8. Nc3
Nxd4 9. Nxd4 Bxg2 10. Rg1 Bb7 11. f3 Bc5 12. Be3 e5 13. Nf5 Bxe3 14. Nxe3 d6
15. O-O-O O-O 16. g4 Nd7 17. Nf5 g6 18. Ng3 Nc5 19. Qc2 a6 20. Qd2 Qh4 21. Kb1
Kh8 22. Nd5 Bxd5 23. Qxd5 b5 24. cxb5 axb5 25. Rc1 Qf6 26. Rxc5 dxc5 27. Ne4
Qe6 28. Qxe6 fxe6 29. Nxc5 Rfd8 30. Nxe6 Rd2 31. Re1 c6 32. Nc5 Rd5 33. Ne4
Rad8 34. Kc2 Kg7 35. Kb3 Rd1 36. Rxd1 Rxd1 37. Kb4 Rb1 38. b3 Rb2 39. Nc3 Rc2
40. a4 c5+ 41. Kxc5 bxa4 42. bxa4 Rxc3+ 43. Kb6 Rc2 44. e4 Rxh2 45. g5 Rf2 46.
a5 Rxf3 47. a6 h5 0-1

[Event "Liga Madrileña - DH 2012-2013"]
[Site "Madrid ESP"]
[Date "2013.03.17"]
[Round "14.23"]
[White "Alcazar Jimenez, Jesus Alberto"]
[Black "Renteria Becerra, Jorge Elicer"]
[Result "0-1"]
[WhiteElo "2231"]
[BlackElo "2300"]
[PlyCount "100"]
[EventDate "2012.11.18"]
[EventRounds "14"]
[EventCountry "ESP"]
[Source "lmi"]
[SourceDate "2012.11.18"]
[WhiteTeam "Blanco y Negro"]
[BlackTeam "64 Villalba"]
[WhiteTeamCountry "ESP"]
[BlackTeamCountry "ESP"]

1. d4 Nf6 2. Bg5 Ne4 3. Bf4 c5 4. f3 Qa5+ 5. c3 Nf6 6. Nd2 cxd4 7. Nb3 Qb6 8.
Qxd4 Nc6 9. Qxb6 axb6 10. Nd4 Nd5 11. Bd2 Nxd4 12. cxd4 e6 13. a3 Nb4 14. Rc1
Nc6 15. e3 d5 16. Bb5 Bd7 17. Nh3 Bd6 18. O-O Na5 19. Bxd7+ Kxd7 20. Ng5 Nb3
21. Rc2 Rhc8 22. Rxc8 Rxc8 23. Be1 f6 24. Nh3 Rc2 25. Rf2 Rc1 26. Re2 e5 27.
dxe5 fxe5 28. Nf2 d4 29. Kf1 Rb1 30. exd4 exd4 31. g3 Kc6 32. Rc2+ Kd5 33. Nd3
Nc5 34. Nb4+ Ke6 35. Rd2 Be5 36. Ke2 Nb3 37. Rc2 d3+ 38. Nxd3 Nd4+ 39. Kd2
Nxf3+ 40. Ke2 Nd4+ 41. Kd2 Nxc2 42. Kxc2 Ra1 43. Nc1 Kf5 44. Bf2 b5 45. h3 Ke4
46. g4 Bf4 47. Nb3 Rh1 48. Nc5+ Kd5 49. Nd3 Bg5 50. h4 Bxh4 0-1

[Event "Liga Madrileña - DH 2012-2013"]
[Site "Madrid ESP"]
[Date "2013.03.17"]
[Round "14.24"]
[White "Velasco Garcia, Jorge J"]
[Black "Martinez Lozano, Miguel Angel"]
[Result "1/2-1/2"]
[WhiteElo "1935"]
[BlackElo "2230"]
[PlyCount "68"]
[EventDate "2012.11.18"]
[EventRounds "14"]
[EventCountry "ESP"]
[Source "lmi"]
[SourceDate "2012.11.18"]
[WhiteTeam "64 Villalba"]
[BlackTeam "Blanco y Negro"]
[WhiteTeamCountry "ESP"]
[BlackTeamCountry "ESP"]

1. d4 Nf6 2. Bg5 Ne4 3. h4 c5 4. Nf3 Qb6 5. Nc3 Nxg5 6. hxg5 e6 7. d5 Qxb2 8.
Na4 Qa3 9. c4 b5 10. cxb5 c4 11. Rh3 Bb4+ 12. Nd2 c3 13. Nxc3 O-O 14. Qc2 f5
15. gxf6 g6 16. Rc1 Bb7 17. Nce4 Qa5 18. Ng5 Rxf6 19. Nxh7 Bxd2+ 20. Qxd2 Qxd2+
21. Kxd2 Rf7 22. Ng5 Rf5 23. dxe6 Rxg5 24. Rc7 Rxb5 25. e4 Rb6 26. e7 Na6 27.
Rxd7 Re8 28. Bc4+ Kg7 29. Rf3 Nc5 30. Rf7+ Kh6 31. Rd8 Rd6+ 32. Ke3 Rdxd8 33.
exd8=Q Rxd8 34. f3 Re8 1/2-1/2

[Event "Liga Madrileña - DH 2012-2013"]
[Site "Madrid ESP"]
[Date "2013.03.17"]
[Round "14.25"]
[White "Rivas Vila, David"]
[Black "Blanco Samaniego, Alejandro"]
[Result "1-0"]
[WhiteElo "2213"]
[BlackElo "1694"]
[PlyCount "49"]
[EventDate "2012.11.18"]
[EventRounds "14"]
[EventCountry "ESP"]
[Source "lmi"]
[SourceDate "2012.11.18"]
[WhiteTeam "Blanco y Negro"]
[BlackTeam "64 Villalba"]
[WhiteTeamCountry "ESP"]
[BlackTeamCountry "ESP"]

1. e4 c5 2. Nc3 Nc6 3. Nge2 g6 4. d4 cxd4 5. Nxd4 Bg7 6. Be3 Nf6 7. Bc4 O-O 8.
Bb3 d6 9. f3 Na5 10. Qd2 Nxb3 11. axb3 a6 12. Bh6 Bd7 13. h4 Qc7 14. Bxg7 Kxg7
15. h5 d5 16. O-O-O dxe4 17. hxg6 fxg6 18. Qh6+ Kg8 19. Nd5 Qd8 20. Nxf6+ Kf7
21. Nxd7 Qxd7 22. Qxh7+ Kf6 23. fxe4 Qg4 24. Rhf1+ Ke5 25. Qxe7+ 1-0

[Event "Liga Madrileña - DH 2012-2013"]
[Site "Madrid ESP"]
[Date "2013.03.17"]
[Round "14.26"]
[White "Perez Suchan, Saul Mario"]
[Black "Rivera Leon, Mauro Arturo"]
[Result "0-1"]
[WhiteElo "1653"]
[BlackElo "2084"]
[PlyCount "44"]
[EventDate "2012.11.18"]
[EventRounds "14"]
[EventCountry "ESP"]
[Source "lmi"]
[SourceDate "2012.11.18"]
[WhiteTeam "64 Villalba"]
[BlackTeam "Blanco y Negro"]
[WhiteTeamCountry "ESP"]
[BlackTeamCountry "ESP"]

1. e4 e5 2. f4 exf4 3. Nf3 d6 4. d4 g5 5. Bc4 Bg7 6. O-O Nc6 7. c3 h6 8. b4 Nf6
9. Qb3 O-O 10. e5 dxe5 11. Nxe5 Nxe5 12. dxe5 Ng4 13. e6 fxe6 14. Bxe6+ Kh8 15.
a4 Qd6 16. Bxc8 Qb6+ 17. Kh1 Nf2+ 18. Rxf2 Qxf2 19. Qd1 Raxc8 20. Bd2 Rcd8 21.
Ra2 Rfe8 22. h3 Rxd2 0-1

[Event "Liga Madrileña - DH 2012-2013"]
[Site "Madrid ESP"]
[Date "2013.03.17"]
[Round "14.31"]
[White "Granda Zuniga, Julio E"]
[Black "Candela Perez, Jose"]
[Result "1-0"]
[WhiteElo "2651"]
[BlackElo "2393"]
[PlyCount "109"]
[EventDate "2012.11.18"]
[EventRounds "14"]
[EventCountry "ESP"]
[Source "lmi"]
[SourceDate "2012.11.18"]
[WhiteTeam "Collado Villalba"]
[BlackTeam "Casa del Ajedrez"]
[WhiteTeamCountry "ESP"]
[BlackTeamCountry "ESP"]

1. Nf3 d5 2. g3 c6 3. Bg2 Bg4 4. h3 Bh5 5. d3 Nd7 6. Nbd2 e5 7. e4 dxe4 8. dxe4
Be7 9. O-O Ngf6 10. Qe1 O-O 11. Nh4 Re8 12. Nc4 Bf8 13. f3 b5 14. Na5 Qb6+ 15.
Kh2 Nc5 16. Be3 Qc7 17. Rf2 Nfd7 18. Bf1 Nb7 19. Nxb7 Qxb7 20. Rd1 Nc5 21. Rfd2
Rac8 22. Qf2 Na4 23. c4 a6 24. c5 f6 25. Rd7 Rc7 26. R7d3 g5 27. Nf5 Nxb2 28.
Qxb2 Bxf3 29. Qb3+ Kh8 30. Bxg5 Bxd1 31. Bxf6+ Bg7 32. Qe6 Bh5 33. Qd6 Bg6 34.
Nxg7 Rxg7 35. Qd7 Qxd7 36. Rxd7 Reg8 37. Bd3 h6 38. Bxe5 Kh7 39. Bxg7 Rxg7 40.
Rd6 Rc7 41. g4 a5 42. Kg3 b4 43. Bc2 Kg7 44. Kf4 Bf7 45. Bb3 Bxb3 46. axb3 Rf7+
47. Ke5 Rf3 48. Rxc6 Rxb3 49. Ra6 Rxh3 50. Rxa5 Rd3 51. c6 b3 52. c7 Rc3 53.
Kd6 b2 54. Rb5 Rc2 55. Rxb2 1-0

[Event "Liga Madrileña - DH 2012-2013"]
[Site "Madrid ESP"]
[Date "2013.03.17"]
[Round "14.32"]
[White "Gallego Jimenez, Victoriano"]
[Black "Vazquez Igarza, Renier"]
[Result "0-1"]
[WhiteElo "2385"]
[BlackElo "2565"]
[PlyCount "101"]
[EventDate "2012.11.18"]
[EventRounds "14"]
[EventCountry "ESP"]
[Source "lmi"]
[SourceDate "2012.11.18"]
[WhiteTeam "Casa del Ajedrez"]
[BlackTeam "Collado Villalba"]
[WhiteTeamCountry "ESP"]
[BlackTeamCountry "ESP"]

1. c4 e6 2. g3 Nf6 3. Bg2 d5 4. Nf3 c5 5. O-O Nc6 6. d4 Be7 7. Nc3 O-O 8. cxd5
exd5 9. Bg5 cxd4 10. Nxd4 h6 11. Bf4 a6 12. Rc1 Re8 13. Nxc6 bxc6 14. Na4 Bd7
15. Be3 Rb8 16. Bd4 Bd6 17. Nc5 Bg4 18. Re1 a5 19. Qd2 Rb5 20. e3 Qe7 21. Qc3
Qd8 22. Bxf6 Qxf6 23. Qxf6 gxf6 24. Nd3 Bd7 25. Bf1 a4 26. Be2 Ra8 27. Bd1 c5
28. b3 Bf5 29. bxa4 Rba5 30. Nf4 c4 31. Nxd5 Rxd5 32. e4 Re5 33. Rxc4 Be6 34.
Rc6 Bb4 35. Re3 Rc5 36. Rxc5 Bxc5 37. Rc3 Bd4 38. Rd3 Rd8 39. Kg2 Bxa2 40. Bf3
Kf8 41. a5 Bc4 42. Rd2 Ba6 43. Be2 Bxe2 44. Rxe2 Ra8 45. Ra2 Ra6 46. Kf3 Bc3
47. Kg4 Kg7 48. Kf5 Rxa5+ 49. Rxa5 Bxa5 50. g4 Be1 51. f3 0-1

[Event "Liga Madrileña - DH 2012-2013"]
[Site "Madrid ESP"]
[Date "2013.03.17"]
[Round "14.33"]
[White "Moreno Ruiz, Javier"]
[Black "Bass, Leonid"]
[Result "1-0"]
[WhiteElo "2492"]
[BlackElo "2419"]
[PlyCount "97"]
[EventDate "2012.11.18"]
[EventRounds "14"]
[EventCountry "ESP"]
[Source "lmi"]
[SourceDate "2012.11.18"]
[WhiteTeam "Collado Villalba"]
[BlackTeam "Casa del Ajedrez"]
[WhiteTeamCountry "ESP"]
[BlackTeamCountry "ESP"]

1. d4 Nf6 2. c4 e6 3. Nc3 Bb4 4. Qc2 O-O 5. a3 Bxc3+ 6. Qxc3 b6 7. Bg5 Bb7 8.
e3 d6 9. Ne2 Nbd7 10. Qc2 c5 11. Rd1 Qc7 12. Nc3 a6 13. Qd2 d5 14. cxd5 exd5
15. f3 Rfe8 16. Be2 h6 17. Bh4 Re6 18. O-O Rae8 19. dxc5 bxc5 20. Bf2 c4 21.
Rfe1 Nc5 22. Bf1 R6e7 23. Qc2 Nb3 24. Bh4 g5 25. Bf2 Kg7 26. Ne2 Bc6 27. Nd4
Nxd4 28. Rxd4 Qa5 29. b3 Bb5 30. bxc4 Bxc4 31. Bxc4 dxc4 32. e4 Qxa3 33. Rxc4
Re6 34. Bd4 Qa5 35. Ra1 Qb5 36. Rb1 Qd7 37. Rd1 Qb7 38. Rc7 Qb4 39. Rc4 Qb7 40.
Rb1 Qd7 41. Qc3 Rd8 42. h4 Kg6 43. Bxf6 Rxf6 44. h5+ Kg7 45. Rb6 Qd1+ 46. Kh2
Rdd6 47. Rxd6 Qxd6+ 48. e5 Qb8 49. Rc8 1-0

[Event "Liga Madrileña - DH 2012-2013"]
[Site "Madrid ESP"]
[Date "2013.03.17"]
[Round "14.34"]
[White "Rojo Huerta, Gabriel"]
[Black "Pastor Alonso de Prado, Alberto"]
[Result "1-0"]
[WhiteElo "2356"]
[BlackElo "2143"]
[PlyCount "26"]
[EventDate "2012.11.18"]
[EventRounds "14"]
[EventCountry "ESP"]
[Source "lmi"]
[SourceDate "2012.11.18"]
[WhiteTeam "Casa del Ajedrez"]
[BlackTeam "Collado Villalba"]
[WhiteTeamCountry "ESP"]
[BlackTeamCountry "ESP"]

1. d4 d5 2. c4 Bf5 3. cxd5 Bxb1 4. Qa4+ c6 5. dxc6 Nxc6 6. Rxb1 e5 7. Bd2 exd4
8. g3 Qd5 9. Nf3 O-O-O 10. Bg2 Nge7 11. O-O Qh5 12. b4 Kb8 13. b5 Ne5 1-0

[Event "Liga Madrileña - DH 2012-2013"]
[Site "Madrid ESP"]
[Date "2013.03.17"]
[Round "14.35"]
[White "Cao Armillas, Jesus"]
[Black "Unciti Juan, Javier"]
[Result "1/2-1/2"]
[WhiteElo "2173"]
[BlackElo "2196"]
[PlyCount "116"]
[EventDate "2012.11.18"]
[EventRounds "14"]
[EventCountry "ESP"]
[Source "lmi"]
[SourceDate "2012.11.18"]
[WhiteTeam "Collado Villalba"]
[BlackTeam "Casa del Ajedrez"]
[WhiteTeamCountry "ESP"]
[BlackTeamCountry "ESP"]

1. d4 e6 2. c4 d5 3. Nc3 c5 4. cxd5 exd5 5. Nf3 Nc6 6. g3 Nf6 7. Bg2 Be7 8. O-O
O-O 9. Bf4 cxd4 10. Nxd4 h6 11. Be3 Re8 12. Qb3 Na5 13. Qc2 Nc4 14. Bf4 Bg4 15.
h3 Bh5 16. Nf5 Rc8 17. Rfd1 Bb4 18. g4 Bg6 19. Nxd5 Nxd5 20. Rxd5 Qf6 21. Qb3
Qxb2 22. Rb1 Qxb3 23. Rxb3 a5 24. e4 b6 25. Rb1 Kh7 26. Rc1 Na3 27. Rc7 Rxc7
28. Bxc7 Bc5 29. e5 Bxf5 30. gxf5 Nb5 31. Bxb6 Bxb6 32. Rxb5 Bd4 33. Rxa5 Rxe5
34. Rxe5 Bxe5 35. Bd5 Kg8 36. Kg2 Kf8 37. Kf3 Bd4 38. Ke2 Ke7 39. f3 Kf6 40.
Kd3 Ke5 41. Bxf7 Ba7 42. Be6 Kf4 43. Kc4 Kxf3 44. Kd5 Bb8 45. a4 Bc7 46. Bc8
Ke3 47. Kc6 Ba5 48. Kb5 Be1 49. Kc5 Ke4 50. Kd6 Kd4 51. Ba6 Bc3 52. h4 Ke4 53.
Ke6 Kd4 54. Kd6 Ke4 55. Bc8 Kf4 56. Ke6 Ke4 57. Bb7+ Kd4 58. Kd6 Kc4 1/2-1/2

[Event "Liga Madrileña - DH 2012-2013"]
[Site "Madrid ESP"]
[Date "2013.03.17"]
[Round "14.36"]
[White "Collado Barbas, Laura"]
[Black "Lorite Cruz, Francisco"]
[Result "1-0"]
[WhiteElo "2151"]
[BlackElo "2046"]
[PlyCount "69"]
[EventDate "2012.11.18"]
[EventRounds "14"]
[EventCountry "ESP"]
[Source "lmi"]
[SourceDate "2012.11.18"]
[WhiteTeam "Casa del Ajedrez"]
[BlackTeam "Collado Villalba"]
[WhiteTeamCountry "ESP"]
[BlackTeamCountry "ESP"]

1. d4 Nf6 2. Nf3 d5 3. c4 e6 4. Nc3 c6 5. Bg5 Nbd7 6. cxd5 exd5 7. e3 Bd6 8.
Bd3 O-O 9. Qc2 Be7 10. O-O h6 11. Bh4 Re8 12. Bg3 Nf8 13. Rab1 Bd6 14. b4 Bxg3
15. hxg3 a6 16. a4 Qd6 17. b5 axb5 18. axb5 N8d7 19. bxc6 bxc6 20. Rfc1 Ba6 21.
Bxa6 Rxa6 22. Na2 Rc8 23. Nb4 Rb6 24. Nd3 Rxb1 25. Rxb1 Ne4 26. Rc1 f6 27. Qa2
Rb8 28. Qa6 Rb6 29. Qc8+ Nf8 30. Qa8 Kh7 31. Nh4 Rb3 32. Rxc6 Qd7 33. Rc1 Rxd3
34. Qxf8 Rd2 35. Rc8 1-0

[Event "Liga Madrileña - DH 2012-2013"]
[Site "Madrid ESP"]
[Date "2013.03.17"]
[Round "14.41"]
[White "Anton Guijarro, David"]
[Black "Valles Moreno, Ivan"]
[Result "1-0"]
[WhiteElo "2559"]
[BlackElo "2382"]
[PlyCount "53"]
[EventDate "2012.11.18"]
[EventRounds "14"]
[EventCountry "ESP"]
[Source "lmi"]
[SourceDate "2012.11.18"]
[WhiteTeam "Virgen de Atocha"]
[BlackTeam "Amigos del Retiro"]
[WhiteTeamCountry "ESP"]
[BlackTeamCountry "ESP"]

1. e4 g6 2. d4 d6 3. Be3 Bg7 4. Qd2 a6 5. h4 Nf6 6. f3 Nc6 7. Nc3 h5 8. Nh3 O-O
9. O-O-O e5 10. d5 Nd4 11. Ne2 c5 12. c3 Nxd5 13. exd5 Nf5 14. Nf2 Nxe3 15.
Qxe3 f5 16. g4 e4 17. gxf5 exf3 18. Ng3 b5 19. Bd3 c4 20. Bc2 b4 21. Rdg1 bxc3
22. Nxh5 Re8 23. Ne4 cxb2+ 24. Kb1 Bxf5 25. Nxg7 Kxg7 26. Qxf3 Qe7 27. Qxf5 1-0

[Event "Liga Madrileña - DH 2012-2013"]
[Site "Madrid ESP"]
[Date "2013.03.17"]
[Round "14.42"]
[White "Vallejo Diaz, Javier"]
[Black "Almagro Llanas, Pablo"]
[Result "0-1"]
[WhiteElo "2401"]
[BlackElo "2442"]
[PlyCount "58"]
[EventDate "2012.11.18"]
[EventRounds "14"]
[EventCountry "ESP"]
[Source "lmi"]
[SourceDate "2012.11.18"]
[WhiteTeam "Amigos del Retiro"]
[BlackTeam "Virgen de Atocha"]
[WhiteTeamCountry "ESP"]
[BlackTeamCountry "ESP"]

1. e4 c5 2. Nf3 Nc6 3. Bb5 e6 4. Bxc6 bxc6 5. O-O Ne7 6. Nc3 Ng6 7. d3 Be7 8.
Be3 e5 9. Na4 d6 10. h3 O-O 11. a3 f5 12. b4 Be6 13. bxc5 d5 14. exf5 Rxf5 15.
d4 Qa5 16. Nb2 e4 17. Nh2 Raf8 18. Qd2 Qb5 19. Nd1 Nh4 20. Nc3 Qb8 21. Ne2 Qe8
22. Ng3 Qg6 23. Rab1 Bd8 24. Rb7 h5 25. Rxa7 Nxg2 26. Kxg2 h4 27. Qe2 Rf3 28.
Nxf3 exf3+ 29. Qxf3 Bxh3+ 0-1

[Event "Liga Madrileña - DH 2012-2013"]
[Site "Madrid ESP"]
[Date "2013.03.17"]
[Round "14.44"]
[White "Martin Rueda, Daniel"]
[Black "Rabadan Velasco, Raul"]
[Result "1-0"]
[WhiteElo "2290"]
[BlackElo "2310"]
[PlyCount "33"]
[EventDate "2012.11.18"]
[EventRounds "14"]
[EventCountry "ESP"]
[Source "lmi"]
[SourceDate "2012.11.18"]
[WhiteTeam "Amigos del Retiro"]
[BlackTeam "Virgen de Atocha"]
[WhiteTeamCountry "ESP"]
[BlackTeamCountry "ESP"]

1. e4 Nf6 2. e5 Nd5 3. d4 d6 4. c4 Nb6 5. exd6 exd6 6. Nc3 Be7 7. Be3 O-O 8.
Qf3 Nc6 9. O-O-O Be6 10. c5 Nc4 11. Bf4 Bg5 12. Qg3 Bh4 13. Qf3 Bg5 14. h4
Bxf4+ 15. Qxf4 dxc5 16. d5 Nd4 17. Bxc4 1-0